| 000 | 00000nis##2200000za#4500 |
| 001 | 9.515815 |
| 003 | CaOODSP |
| 005 | 20200325133346 |
| 007 | sd |||g||||||| |
| 008 | 150406c2009||||xxc||#p|q||||f| |0eng|d |
| 040 | |aCaOODSP|beng |
| 043 | |an-cn--- |
| 086 | 1 |aCi1-11E-DC |
| 110 | 1 |aCanada. |bCitizenship and Immigration Canada. |
| 245 | 10|aDiscover Canada : |h[sound recording]|bthe rights and responsibilities of citizenship |
| 260 | |aOttawa - Ontario : |bCitizenship and Immigration Canada |
| 310 | |aIrregular |
| 690 | 07|aCitizenship|2gcpds |
| 775 | 08|tDécouvrir le Canada : |w(CaOODSP)9.514134 |
| 776 | 0#|tDiscover Canada : |w(CaOODSP)9.506331 |
| 776 | 0#|tDiscover Canada : |w(CaOODSP)9.506788 |
| 776 | 0#|tDiscover Canada : |w(CaOODSP)9.515755 |